| 000 | 00855nam a22002297a 4500 | ||
|---|---|---|---|
| 999 |
_c2156 _d2156 |
||
| 003 | AR-CdUCM | ||
| 008 | 190304b ||||| |||| 00| 0 spa d | ||
| 040 |
_aMUNICIPALIDAD PROVINCIAL DEL CUSCO _cBIBLIOTECA MUNICIPAL DEL CUSCO |
||
| 082 |
_a271.2 / _bE89 |
||
| 100 |
_aEsponera, Alfonso _97784 |
||
| 245 |
_aEl corte en la roca : _bmemorias de los Dominicos en América (Siglos XVI-XX) / |
||
| 260 |
_aCusco : _bBartolomé de Las Casas, _c1991. |
||
| 300 |
_a342 páginas ; _bilustraciones, _c21 cm. |
||
| 440 |
_aCuadernos para la Historia de la evangelización en América Latina _n7 _97785 |
||
| 505 | _aPresentación de documentos -- Documentos. | ||
| 650 |
_aHistoria de la Iglesia _93114 |
||
| 650 |
_aDominicos _94169 |
||
| 650 |
_aSiglo XVI-XX _97786 |
||
| 700 |
_aLassegue Moleres, Juan Bautista _97787 |
||
| 942 |
_2ddc _cLIBROS |
||
| 945 | _araen | ||